Movies Quiz

Random Movies Quiz
Score 0/60 Timer 05:00
0 Plays Today
Trap Subject % Correct
Reverse Bear TrapAmanda
63.6%
Reverse Bear Trap 2.0Mark
60.5%
Bathroom TrapAdam
60.2%
Bathroom TrapLawrence
59.3%
Masoleum TrapArt
58.6%
Furnace TrapObi
58.3%
Angel TrapKerry
58%
Judge as I Judge/Ice Block TrapEric
57.7%
Bathroom TrapZep
56.8%
Water Cube TrapPeter
56.2%
Pendulum TrapSeth
55.6%
Venus Fly TrapMichael
54.3%
Crushing Walls TrapPeter
54.3%
Classroom TrapTroy
53.7%
Shotgun Collar TrapLynn
52.8%
Nerve Gas House TrapXavier
52.5%
Knife Chair TrapCecil
52.5%
Razor Wire Maze TrapPaul
51.2%
Nerve Gas House TrapDaniel
50.3%
Rack TrapTimothy
50.3%
Flammable Jelly TrapMark
49.4%
Feel what I Feel TrapIvan
48.8%
Pound of Flesh TrapSimone
48.8%
Magnum Eyehole TrapGus
48.1%
Five Becomes One, Neck Collar TrapAshley
46.9%
Pound of Flesh TrapEddie
45.7%
Masoleum TrapTrevor
44.8%
Quadruple Shotgun TrapSteven
44.1%
Revenge Trap/Saw 3 journey TrapJeff
43.2%
See/Feel/Save/Judge TrapsDaniel
41.7%
Trap Subject % Correct
Freezer Room TrapDanica
41.4%
Razor Glass Box TrapAddison
41%
Drill Chair TrapJeff
40.1%
Steam Room TrapDebbie
39.5%
Live or Die Switch TrapWilliam
39.5%
Five Becomes One, Bathtub TrapLuba
38.9%
Carousel TrapEmily
38.9%
Carousel TrapShelby
38.3%
Judge as I Judge/Spine Cutter TrapArt
38%
Five Becomes One, 10 pints of Blood TrapBrit
38%
Nerve Gas House TrapLaura
37.3%
Five Becomes One, Glass Jar TrapCharles
37%
Five Becomes One, 10 pints of Blood TrapMallick
36.7%
Live or Die Switch TrapBrent
36.4%
Oxygen Mask TrapHank
36.1%
Carousel TrapJosh
36.1%
Live or Die Switch TrapPamela
35.2%
Carousel TrapAaron
34.3%
Nerve Gas House TrapJonas
33.6%
Pig Vat TrapJudge Halden
32.7%
Live or Die Switch TrapTara
32.4%
Carousel TrapGena
31.8%
Carousel TrapDave
31.8%
Save as I Save TrapMorgan
31.5%
Barbed Wire Noose TrapAddy
30.2%
Reverse Bear TrapDonnie
29.3%
See what I See TrapBrenda
28.4%
Save as I Save TrapRex
28.4%
'Keeping Someone Else Alive' TrapAmanda
27.8%
Barbed Wire Noose TrapAllen
27.8%
Remove Ads.
Support Sporcle.
Get the best of Sporcle when you Go Orange. This ad-free experience offers more features, more stats, and more fun while also helping to support Sporcle. Thank you for becoming a member.

You're not logged in!

Compare scores with friends on all Sporcle quizzes.
OR
Log In

Show Comments

Extras

Created Oct 27, 2010ReportNominate
Tags:Saw, subject, trap

Top Quizzes Today


Score Distribution

Your Account Isn't Verified!

In order to create a playlist on Sporcle, you need to verify the email address you used during registration. Go to your Sporcle Settings to finish the process.

Report this User

Report this user for behavior that violates our Community Guidelines.

Details: